| 000 | 00546nam a22001697a 4500 | ||
|---|---|---|---|
| 005 | 20250520113608.0 | ||
| 010 | _aENG-144951 | ||
| 020 |
_a9789380574189 _c250.00 |
||
| 035 | _aEN-128433 | ||
| 037 | _bDBAD | ||
| 082 | _a330.95405 | ||
| 245 |
_aThe Financial and Economic Crisis: _ba decent work response |
||
| 260 |
_aNew Delhi _bBookwell _c2010 |
||
| 270 |
_a24/4800,Ansari Road ,Darya Gang, _bNew Delhi _e110002 _k11-23268786,23257264 _mbookwell@vsnl.net |
||
| 300 |
_axix;78p. _c24cm(PB) |
||
| 942 |
_2ddc _cEN _h330.95405 _mTHE |
||
| 999 |
_c211361 _d211361 |
||